[Event "Moscow IM-A 06"]
[Site "Moscow"]
[Date "2011.06.09"]
[Round "1"]
[White "Losev, Dmitry"]
[Black "Myshakov, Fyodor"]
[Result "1-0"]
[WhiteElo "2290"]
[BlackElo "2197"]
[PlyCount "89"]
[EventDate "2011.06.09"]
[EventType "tourn"]
[EventRounds "9"]
[EventCountry "RUS"]
[SourceTitle "EXT 2013"]
[Source "ChessBase"]
[SourceDate "2012.11.22"]
[SourceVersion "1"]
[SourceVersionDate "2012.11.22"]
[SourceQuality "1"]

1. e4 c6 2. Nf3 d5 3. Nc3 Bg4 4. h3 Bh5 5. Qe2 e6 6. exd5 cxd5 7. Qb5+ Nd7 8. Qxb7 Bxf3 9. gxf3 Bc5 10. Nb5 Rb8 11. Qc7 Ne7 12. d4 Bb6 13. Qxd8+ Rxd8 14. Nd6+ Kf8 15. Be3 e5 16. 0-0-0 exd4 17. Bxd4 Bxd4 18. Rxd4 Ne5 19. Nb7 Rd7 20. Nc5 Rc7 21. Nd3 Nxf3 22. Rb4 Nc6 23. Ra4 Nfe5 24. Nxe5 Nxe5 25. Ra5 Ke7 26. Rxd5 Ng6 27. Bd3 Rb8 28. Re1+ Kf8 29. Re4 Ne7 30. Rb5 Rd8 31. Rc4 Rcd7 32. Rbc5 Rd6 33. a4 Rf6 34. Ra5 Nc8 35. Rf5 Rh6 36. Rc7 f6 37. Rf3 Rh5 38. b4 a5 39. Rg3 axb4 40. Rgxg7 Nd6 41. Bxh7 Rg5 42. Rxg5 fxg5 43. Bd3 Ra8 44. Rd7 Ne8 45. Bc4 1-0

[Event "Moscow Victory Day op"]
[Site "Moscow"]
[Date "2011.05.04"]
[Round "5"]
[White "Losev, Dmitry"]
[Black "Yudkevich, Mikhail"]
[Result "1-0"]
[WhiteElo "2290"]
[BlackElo "2155"]
[PlyCount "113"]
[EventDate "2011.04.30"]
[EventType "swiss"]
[EventRounds "9"]
[EventCountry "RUS"]
[SourceTitle "CBM 142 Extra"]
[Source "ChessBase"]
[SourceDate "2011.06.27"]
[SourceVersion "1"]
[SourceVersionDate "2011.06.27"]
[SourceQuality "1"]

1. e4 c5 2. Nf3 Nf6 3. e5 Nd5 4. Nc3 Nxc3 5. dxc3 e6 6. Bf4 Qb6 7. Rb1 h6 8. Bg3 Qc7 9. Bc4 Nc6 10. 0-0 b6 11. Qe2 Bb7 12. Rfd1 Be7 13. Nd2 Na5 14. Bd3 0-0-0 15. b4 Nc6 16. bxc5 Bxc5 17. Ne4 Ne7 18. Rb5 Qc6 19. Rdb1 Nf5 20. Qf1 Nxg3 21. hxg3 Be7 22. a4 f5 23. Nd6+ Bxd6 24. exd6 Qxd6 25. a5 Kc7 26. c4 Bc6 27. axb6+ axb6 28. Rxb6 Rb8 29. Qe1 Qc5 30. R6b3 g5 31. Ra1 Ra8 32. Rab1 Rab8 33. Qc3 g4 34. Rxb8 Rxb8 35. Rxb8 Kxb8 36. Qh8+ Kb7 37. Qxh6 Qd4 38. Qc1 Qc3 39. Kf1 Qh8 40. Kg1 Qc3 41. Qd1 Qd4 42. Qb1+ Kc7 43. Qe1 Kb7 44. Qb4+ Kc8 45. Qf8+ Kb7 46. Qb4+ Kc7 47. Qd2 Qb2 48. Qf4+ Kb6 49. Qe3+ Kb7 50. f3 Qa1+ 51. Kf2 Qh1 52. Bf1 gxf3 53. gxf3 Qh2+ 54. Bg2 Kc7 55. Qe5+ Kb6 56. Qd4+ Kb7 57. Qh4 1-0

[Event "Moscow Victory Day op"]
[Site "Moscow"]
[Date "2011.05.03"]
[Round "4"]
[White "Saulin, Dmitri"]
[Black "Losev, Dmitry"]
[Result "1-0"]
[WhiteElo "2419"]
[BlackElo "2290"]
[PlyCount "87"]
[EventDate "2011.04.30"]
[EventType "swiss"]
[EventRounds "9"]
[EventCountry "RUS"]
[SourceTitle "CBM 142 Extra"]
[Source "ChessBase"]
[SourceDate "2011.06.27"]
[SourceVersion "1"]
[SourceVersionDate "2011.06.27"]
[SourceQuality "1"]

1. d4 Nf6 2. Nf3 e6 3. c4 b6 4. g3 Ba6 5. b3 Bb4+ 6. Bd2 Be7 7. Nc3 c6 8. e4 d5 9. cxd5 cxd5 10. Bxa6 Nxa6 11. e5 Ne4 12. Qe2 Nb4 13. 0-0 Nxd2 14. Qxd2 0-0 15. Rac1 Qd7 16. a3 Nc6 17. b4 f6 18. Ne2 Rac8 19. Qe3 f5 20. h4 b5 21. Qd3 Rc7 22. Kg2 a6 23. Nd2 a5 24. bxa5 Ra8 25. Qxb5 Rxa5 26. Qb6 Rxa3 27. Nb3 Raa7 28. Nc5 Bxc5 29. Rxc5 Rab7 30. Qa6 Ra7 31. Qb6 Rab7 32. Qa6 Ra7 33. Qb5 Ra5 34. Qb2 Rxc5 35. dxc5 Rb7 36. Qa2 Ra7 37. Qc2 Nxe5 38. Nf4 Nc6 39. Rd1 Kf7 40. Qe2 Ra4 41. Qh5+ Kg8 42. Rb1 d4 43. Rb7 Qd8 44. Qf7+ 1-0